| LEADER 00000nam 2200000uu 4500 |
| 008 110316s2553||||th 000 0 tha d |
| 060 0 วจ WY 18 พ899ส 2553
|
| 100 0 ^aเพ็ญศรี ทองเพชร.
|
| 245 00 ^aรายงานวิจัยเรื่อง สภาพการดำเนินงานประกันคุณภาพภายในสถานศึกษาของวิทยาลัยในสังกัดสถาบันพระบรมราชชนก กระทรวงสาธารณสุข/^bเพ็ญศรี ทองเพชร,รุ่งนภา จันทรา และฉันทนา นาคฉัตรีย์.
|
| 260 ^aสุราษฎร์ธานี:^bวิทยาลัยพยาบาลบรมราชชนนี สุราษฎร์ธานี,^c2553.
|
| 300 ^aจำนวน 93 หน้า;^bภาพประกอบ.
|
| 650 0 ^aการประกันคุณภาพภายใน - -^xสถาบันพระบรมราชชนก.
|
| 700 0 ^aรุ่งนภา จันทรา.
|
| 700 0 ^aฉันทนา นครฉัตรีย์.
|
| 710 1 ^aวิทยาลัยพยาบาลบรมราชชนนี สุราษฎร์ธานี.
|
| 999 ^aใช้งานได้ทุกระบบ
|